| 000 | 00554nam a2200181 4500 | ||
|---|---|---|---|
| 005 | 20241216163627.0 | ||
| 010 | _aENG-143107 | ||
| 020 |
_a9789382749141 _c250.00 |
||
| 035 | _aEN-126639 | ||
| 037 | _bDBAD | ||
| 082 | _a881 | ||
| 100 |
_aNambisan, Vijay _975225 |
||
| 245 |
_aFirst Infinities/ _cby Vijay Nambisan |
||
| 260 |
_aMumbai _bPoetrywala _c2015 |
||
| 270 |
_a1701/1702,6A Whispering Palms, Lokhandwala Township _bKandivali (E) _e400101 _mpoetrywala@hotmail.com |
||
| 300 |
_a106p. _c22cm(pb) |
||
| 942 |
_2ddc _cEN _h881 _mNAM |
||
| 999 |
_c207735 _d207735 |
||